Procesný manažment nie je len o procesných mapách

Význam informácií v procese manažmentu a identifikovanie správnych informácií. S nárastom objemu informácií narastá aj náročnosť realizácie jednotlivých čiastkových činností manažmentu. Manažment úspešných firiem, efektívne využívanie a evidencia informácií.

Uložené v:
Podrobná bibliografia
Hlavný autor: Polačko, Vladimír
Médium: Kapitola
Jazyk:Slovak
Predmet:
Tagy: Pridať tag
Žiadne tagy, Buďte prvý, kto otaguje tento záznam!

MARC

LEADER 00000nla a2200000 4500
001 0163597
005 20240502072838.6
041 0 |a slo 
044 |a SK 
245 1 0 |a Procesný manažment nie je len o procesných mapách  |c Vladimír Polačko 
520 |a Význam informácií v procese manažmentu a identifikovanie správnych informácií. S nárastom objemu informácií narastá aj náročnosť realizácie jednotlivých čiastkových činností manažmentu. Manažment úspešných firiem, efektívne využívanie a evidencia informácií. 
610 2 0 |a manažment 
610 2 0 |a rozhodovanie manažérske 
610 2 0 |a riadenie strategické 
610 2 0 |a riadenie procesné 
610 2 0 |a informácie strategické 
610 2 0 |a zdroje informácií 
100 1 |a Polačko, Vladimír